| 000 | 01006nam a22003137a 4500 | ||
|---|---|---|---|
| 001 | 1246 | ||
| 003 | DO-SdBNP | ||
| 005 | 20221003132830.0 | ||
| 007 | 1246 | ||
| 008 | 160614b 2005 dr |||00| 0 spa d | ||
| 020 | _a999344510X | ||
| 040 |
_aBPMSU _bspa _cBPMSU |
||
| 082 |
_a972.93 _bD542f 2005 _222 |
||
| 100 | _aEnrique Díaz, Nelson | ||
| 245 |
_aFundamentos de historia social dominicana / _cNelson Enrique Díaz, Slverio González Camacho |
||
| 250 | _a3a. ed. | ||
| 260 |
_a Santo Domingo : _bSurco, _c2005 |
||
| 300 |
_a428 p. ; _b24 cm. |
||
| 500 | _aIncluye datos biográficos del autor en la solapa de la cubierta | ||
| 504 | _aBibliografía : p. 423-428 | ||
| 590 | _6Inventariado, 2022/VM | ||
| 650 | 4 |
_aHistoria social _zRepublica Dominicana |
|
| 650 | 4 |
_aEvolución social _zRepública Dominicana |
|
| 650 | 4 | _aProblemas sociales | |
| 651 | 4 |
_aRepública Dominicana _xHistoria |
|
| 700 | 1 | _a González Camacho, Silverio | |
| 910 | _aVMateo V./Validado | ||
| 942 |
_2ddc _cBK |
||
| 999 |
_c10382 _d10382 |
||